[Event "FIDE World Bl Team Pool B"]
[Site "London ENG"]
[Date "2025.06.14"]
[Round "5.5"]
[White "Mirzoeva, Elmira"]
[Black "Orlovska, Madara"]
[Result "0-1"]
[WhiteTitle "WGM"]
[WhiteElo "2294"]
[BlackElo "2059"]
[WhiteTeam "Malcolm's Mates"]
[BlackTeam "Wood Green"]
[WhiteFideId "4127951"]
[BlackFideId "11601825"]
[EventDate "2025.06.14"]
[EventType "team"]

1. d4 Nf6 2. c4 g6 3. Nc3 Bg7 4. e4 d6 5. Nf3 O-O 6. Be2 Nbd7 7. O-O e5 8. Re1
a5 9. Bf1 Re8 10. d5 Nc5 11. b3 Nh5 12. g3 f5 13. exf5 gxf5 14. Bb2 Nf6 15. a3
Bd7 16. Qc2 Qe7 17. b4 axb4 18. axb4 Rxa1 19. Rxa1 Na6 20. Qb3 Qf7 21. Nb5 Qh5
22. Be2 Qh3 23. Bf1 Qh5 24. Bg2 Ng4 25. h3 Nf6 26. c5 Bxb5 27. cxd6 cxd6 28. Nd2
Qg5 29. Nc4 Bxc4 30. Qxc4 Qd2 31. Bc3 Qc2 32. Bf1 Ne4 33. Be2 Qxc3 34. Qxc3 Nxc3
35. Bxa6 bxa6 36. Rxa6 Nxd5 37. Rxd6 Nxb4 38. Kg2 Nc2 39. Rd7 Nd4 40. g4 f4 41.
f3 Rc8 42. Kf2 Rc2+ 43. Ke1 Nxf3+ 44. Kd1 Rc4 45. Rd8+ Kf7 46. Rd7+ Kg6 47. Rd6+
Kg5 48. Rd7 Bf6 49. Rxh7 e4 50. Rh5+ Kg6 51. Rd5 Rd4+ 52. Rxd4 Nxd4 53. Ke1 Bh4+
54. Kf1 Kf6 55. Kg2 Ke6 56. Kf1 Kd5 57. Kg2 Kc4 58. g5 Bxg5 59. h4 Bxh4 60. Kh3
Bd8 61. Kg4 f3 0-1

[Event "FIDE World Bl Team Pool B"]
[Site "London ENG"]
[Date "2025.06.14"]
[Round "5.6"]
[White "Gamal, Alaa"]
[Black "Omarov, Murat"]
[Result "0-1"]
[WhiteElo "1831"]
[BlackElo "1823"]
[WhiteTeam "Wood Green"]
[BlackTeam "Malcolm's Mates"]
[WhiteFideId "469114"]
[BlackFideId "13731173"]
[EventDate "2025.06.14"]
[EventType "team"]

1. d4 Nf6 2. c4 g6 3. Nc3 Bg7 4. h4 d6 5. e4 O-O 6. Be2 e5 7. d5 h6 8. Bd2 Na6
9. a3 Nc5 10. Qc2 a5 11. b3 Bd7 12. Nf3 Re8 13. O-O Nh5 14. g3 Bg4 15. b4 Na6
16. Rfb1 b6 17. bxa5 bxa5 18. Be3 f5 19. Rb5 f4 20. gxf4 exf4 21. Bd2 Nc5 22.
Rab1 a4 23. R5b4 Bxc3 24. Bxc3 Rxe4 25. Bd4 Qe8 26. Bd1 Nb3 27. Bb2 Kh7 28. Qc3
Bf5 29. Bc2 Re7 30. Bc1 Bxc2 31. Qxc2 Nxc1 32. Rxc1 Re2 33. Qc3 Qe4 34. Nd4 Ra2
35. f3 Qe7 36. Ne6 Qxh4 37. Rc2 Qg3+ 38. Kh1 Rxc2 39. Qxc2 Qxf3+ 40. Kg1 Qe3+
41. Kh1 Ng3+ 42. Kh2 Nf1+ 43. Kh1 Ng3+ 44. Kh2 Ne4 45. Qb2 Qd2+ 46. Qxd2 Nxd2
47. Nxc7 Rf8 48. Kg2 f3+ 49. Kf2 Ne4+ 50. Kf1 f2 51. Ne6 Ng3+ 52. Kg2 f1=Q+ 53.
Kxg3 Qf2+ 54. Kg4 Rf3 55. Rb7+ Rf7 56. Rxf7+ Qxf7 57. Nf4 Qf5+ 58. Kg3 Qe5 59.
Kf3 Qc3+ 0-1

[Event "FIDE World Bl Team Pool B"]
[Site "London ENG"]
[Date "2025.06.14"]
[Round "5.1"]
[White "Rodshtein, Maxim"]
[Black "Ghasi, Ameet K"]
[Result "0-1"]
[WhiteTitle "GM"]
[BlackTitle "GM"]
[WhiteElo "2645"]
[BlackElo "2513"]
[WhiteTeam "Rishon LeZion Chess Club"]
[BlackTeam "Sharks 4NCL"]
[WhiteFideId "2806851"]
[BlackFideId "409200"]
[EventDate "2025.06.14"]
[EventType "team"]

1. d4 Nf6 2. c4 g6 3. Nc3 Bg7 4. e4 d6 5. h3 Nbd7 6. Be3 e5 7. d5 h5 8. Bd3 Bh6
9. Bxh6 Rxh6 10. Qd2 Rh8 11. h4 a5 12. O-O-O Nc5 13. Bc2 Bd7 14. Kb1 Qe7 15. f3
Kf8 16. Nge2 Kg7 17. Nc1 a4 18. g3 b6 19. Rhf1 Rhf8 20. Nd3 Ra5 21. Nb4 Raa8 22.
Rde1 Rae8 23. Qd1 Ra8 24. a3 Qe8 25. Ka2 b5 26. cxb5 Bxb5 27. Nxb5 Qxb5 28. Qe2
Qd7 29. f4 Qg4 30. Qf2 Nfd7 31. Nc6 f6 32. Bd1 Nd3 33. Bxg4 Nxf2 34. Bxd7 Nd3
35. Re3 Nc5 36. f5 Nxd7 37. fxg6 Rae8 38. Rf5 Kxg6 39. g4 hxg4 40. Rg3 Rg8 41.
Rxg4+ Kh6 42. Rxg8 Rxg8 43. Rf3 0-1

[Event "FIDE World Bl Team Pool B"]
[Site "London ENG"]
[Date "2025.06.14"]
[Round "5.2"]
[White "Rendle, Thomas E"]
[Black "Steinberg, Nitzan"]
[Result "0-1"]
[WhiteTitle "IM"]
[BlackTitle "GM"]
[WhiteElo "2370"]
[BlackElo "2554"]
[WhiteTeam "Sharks 4NCL"]
[BlackTeam "Rishon LeZion Chess Club"]
[WhiteFideId "408760"]
[BlackFideId "2801795"]
[EventDate "2025.06.14"]
[EventType "team"]

1. d4 d5 2. c4 c6 3. Nf3 Nf6 4. g3 g6 5. Bg2 dxc4 6. O-O Bg7 7. a4 Ne4 8. Qc2
Nd6 9. e4 Na6 10. Na3 Nb4 11. Qe2 a5 12. Rd1 O-O 13. e5 Ne8 14. Nxc4 Bf5 15. h3
Nc7 16. g4 Be6 17. Ng5 Bd5 18. Ne4 f6 19. Nb6 Rb8 20. Nxd5 Nbxd5 21. Nc5 fxe5
22. dxe5 Qc8 23. Bg5 Ne6 24. Nxe6 Qxe6 25. Qc4 Rbd8 26. Re1 Kh8 27. Qc5 b6 28.
Qc4 h6 29. Bh4 g5 30. Bg3 c5 31. Rad1 Nf4 32. Qxe6 Nxe6 33. Bd5 Nd4 34. Be4 Ne2+
35. Kg2 Nxg3 36. fxg3 Bxe5 37. b3 Rd6 38. Rf1 Bf6 39. Rd3 Kg7 40. Rfd1 Bd4 41.
Rf3 Rfd8 42. Bf5 Rf6 43. Re1 e5 44. Be4 Rxf3 45. Bxf3 Bc3 46. Re2 Kf6 47. Bc6
Ke7 48. Bb5 Rd1 49. Bc4 Bd4 50. Rc2 e4 51. Re2 e3 52. Kf3 Kd6 53. Ke4 Rg1 54.
Kf5 Rxg3 55. Rh2 Rf3+ 56. Kg6 Rf6+ 57. Kh5 Ke5 58. Rh1 Kf4 59. Rf1+ Kg3 60. Rxf6
Bxf6 61. Kxh6 Bd8 62. Kg6 Kf2 0-1

[Event "FIDE World Bl Team Pool B"]
[Site "London ENG"]
[Date "2025.06.14"]
[Round "5.3"]
[White "Sokolovsky, Yahli"]
[Black "Roberson, Peter T"]
[Result "0-1"]
[WhiteTitle "GM"]
[BlackTitle "IM"]
[WhiteElo "2542"]
[BlackElo "2433"]
[WhiteTeam "Rishon LeZion Chess Club"]
[BlackTeam "Sharks 4NCL"]
[WhiteFideId "2820242"]
[BlackFideId "412384"]
[EventDate "2025.06.14"]
[EventType "team"]

1. b3 e5 2. Bb2 Nc6 3. e3 h5 4. c4 Nf6 5. Nf3 e4 6. Nd4 Nxd4 7. Bxd4 d5 8. Nc3
Rh6 9. Bxf6 Rxf6 10. Nxd5 Rd6 11. Qxh5 c6 12. Qe5+ Be6 13. Nf4 Rxd2 14. Nxe6
fxe6 15. Qxe6+ Be7 16. Qg8+ Bf8 17. Qe6+ Be7 18. Qg8+ Bf8 19. Qh7 Qa5 20. Qxe4+
Be7 21. b4 Qxb4 22. a3 Qc3 23. Rb1 Rb2+ 24. Kd1 Qd2# 0-1

[Event "FIDE World Bl Team Pool B"]
[Site "London ENG"]
[Date "2025.06.14"]
[Round "5.4"]
[White "Hryshchenko, Kamila"]
[Black "Bronstein, Or"]
[Result "0-1"]
[WhiteTitle "WFM"]
[BlackTitle "IM"]
[WhiteElo "2097"]
[BlackElo "2443"]
[WhiteTeam "Sharks 4NCL"]
[BlackTeam "Rishon LeZion Chess Club"]
[WhiteFideId "14147491"]
[BlackFideId "2815770"]
[EventDate "2025.06.14"]
[EventType "team"]

1. e4 c5 2. Nc3 a6 3. a4 g6 4. f4 Bg7 5. Nf3 Nc6 6. Bc4 e6 7. d3 Nge7 8. O-O d5
9. Ba2 O-O 10. Qe1 Nd4 11. Nxd4 cxd4 12. Ne2 dxe4 13. dxe4 d3 14. cxd3 Qxd3 15.
Bb1 Qc4 16. Nc3 b6 17. Ba2 Qc7 18. Be3 Nc6 19. Rc1 Qd7 20. Qf2 Nb4 21. Rfd1 Qb7
22. Bc4 Rb8 23. Rd6 b5 24. axb5 axb5 25. Rb6 bxc4 26. Rxb7 Bxb7 27. Rd1 Nd3 28.
Qe2 Bxc3 29. bxc3 Bxe4 30. Bd4 f5 31. h3 Rb2 32. Rd2 Rfb8 33. g3 Rb1+ 34. Rd1
R8b2 35. Rxb1 Rxe2 36. Rb8+ Kf7 37. Rh8 Re1+ 38. Kh2 Rh1# 0-1

[Event "FIDE World Bl Team Pool B"]
[Site "London ENG"]
[Date "2025.06.14"]
[Round "5.5"]
[White "Lahav, Michal"]
[Black "McCarthy, Kevin C"]
[Result "1-0"]
[WhiteTitle "WIM"]
[WhiteElo "2143"]
[BlackElo "1942"]
[WhiteTeam "Rishon LeZion Chess Club"]
[BlackTeam "Sharks 4NCL"]
[WhiteFideId "2813742"]
[BlackFideId "470775"]
[EventDate "2025.06.14"]
[EventType "team"]

1. e4 e5 2. Nf3 d5 3. exd5 Bd6 4. d4 e4 5. Ne5 Nf6 6. Bc4 O-O 7. O-O Re8 8. Nc3
Nbd7 9. Nxd7 Bxd7 10. Bg5 h6 11. Bh4 Bf5 12. Bb5 Rf8 13. Re1 a6 14. Bf1 Re8 15.
Ne2 g5 16. Bg3 Qd7 17. Bxd6 Qxd6 18. c4 Ng4 19. Ng3 e3 20. fxe3 Nxe3 21. Qd2 Qf4
22. Nxf5 Nxf5 23. Qxf4 gxf4 24. Red1 Re3 25. Bd3 Rae8 26. Bxf5 Re2 27. Bg4 Rxb2
28. Bf3 Rc2 29. c5 Rc4 30. Rab1 Rb8 31. Rb3 Ra4 32. a3 a5 33. Kf2 Rc4 34. Be2
Rc2 35. Kf3 Re8 36. Bb5 Re3+ 37. Rxe3 fxe3 38. Kxe3 Rb2 39. Bf1 Rb3+ 40. Rd3 Rb2
41. Be2 Ra2 42. d6 cxd6 43. cxd6 Kf8 44. Rc3 Ke8 45. Bg4 Rxg2 46. Rc8# 1-0

[Event "FIDE World Bl Team Pool B"]
[Site "London ENG"]
[Date "2025.06.14"]
[Round "5.6"]
[White "Morea, Georgiana-Steluta"]
[Black "Raiko, Yossi"]
[Result "1-0"]
[WhiteElo "1920"]
[BlackElo "1963"]
[WhiteTeam "Sharks 4NCL"]
[BlackTeam "Rishon LeZion Chess Club"]
[WhiteFideId "1204319"]
[BlackFideId "2835711"]
[EventDate "2025.06.14"]
[EventType "team"]

1. c4 Nf6 2. Nc3 e6 3. d4 d5 4. Nf3 Bb4 5. e3 O-O 6. Be2 c5 7. O-O cxd4 8. exd4
dxc4 9. Bxc4 a6 10. Bg5 b5 11. Bb3 Nbd7 12. Ne5 Bb7 13. Nxd7 Qxd7 14. Bxf6 gxf6
15. Bc2 f5 16. Qh5 Qxd4 17. Rad1 Qg7 18. Qh3 Rad8 19. Rde1 Rd2 20. Bb3 Bc5 21.
Re2 Rxe2 22. Nxe2 Rd8 23. Nf4 Qxb2 24. Nh5 Bf8 25. Qh4 Rc8 26. Nf6+ Kg7 27. Qg5+
Kh8 28. Qg8# 1-0

[Event "FIDE World Bl Team Pool B"]
[Site "London ENG"]
[Date "2025.06.14"]
[Round "5.1"]
[White "Martinez Alcantara, Jose Eduardo"]
[Black "Villiers, Thomas"]
[Result "1-0"]
[WhiteTitle "GM"]
[BlackTitle "CM"]
[WhiteElo "2611"]
[BlackElo "2158"]
[WhiteTeam "Theme International Trading"]
[BlackTeam "Hammersmith Chess Club"]
[WhiteFideId "3805662"]
[BlackFideId "427209"]
[EventDate "2025.06.14"]
[EventType "team"]

1. e4 e5 2. Nf3 Nc6 3. Bb5 Nf6 4. Nc3 Bc5 5. d3 d6 6. Bxc6+ bxc6 7. h3 h6 8. Qe2
Rb8 9. b3 a5 10. Be3 Bb4 11. Bd2 Ba6 12. a3 Bc5 13. Be3 Bb6 14. O-O O-O 15. Bxb6
cxb6 16. Rfe1 Qc7 17. Qd2 Rfe8 18. d4 Rbd8 19. Rad1 c5 20. dxe5 dxe5 21. Qe3 c4
22. b4 axb4 23. axb4 Bb7 24. Nb5 Qc6 25. Rxd8 Rxd8 26. Nc3 Qe6 27. Ra1 Ra8 28.
Rxa8+ Bxa8 29. Qe2 b5 30. Qe3 Bc6 31. Nh4 Qd6 32. Nf5 Qxb4 33. Qg3 Nh5 34. Qxe5
Bb7 35. Ne7+ Kf8 36. Ned5 Bxd5 37. Qb8+ 1-0

[Event "FIDE World Bl Team Pool B"]
[Site "London ENG"]
[Date "2025.06.14"]
[Round "5.2"]
[White "Hill, Alistair"]
[Black "Le, Tuan Minh"]
[Result "0-1"]
[BlackTitle "GM"]
[WhiteElo "2178"]
[BlackElo "2598"]
[WhiteTeam "Hammersmith Chess Club"]
[BlackTeam "Theme International Trading"]
[WhiteFideId "432407"]
[BlackFideId "12401153"]
[EventDate "2025.06.14"]
[EventType "team"]

1. c4 e6 2. Nc3 d5 3. d4 h6 4. cxd5 exd5 5. Bf4 Nf6 6. e3 Bd6 7. Bxd6 Qxd6 8.
Nf3 O-O 9. Bd3 Bg4 10. O-O c6 11. Qc2 Nbd7 12. Rfc1 Rfe8 13. Rab1 a5 14. h3 Bxf3
15. gxf3 Rac8 16. Kh1 c5 17. dxc5 Nxc5 18. Bf1 Ne6 19. Qd2 Qe5 20. Ne2 b6 21.
Rxc8 Rxc8 22. Rc1 Rc5 23. Bg2 Qc7 24. Rxc5 bxc5 25. Nc3 d4 26. Ne4 Nxe4 27. fxe4
a4 28. Qd3 c4 29. Qc2 d3 30. Qxa4 c3 31. bxc3 Qxc3 32. Bf3 Ng5 33. Kg2 Qc2 34.
Qe8+ Kh7 35. Qd7 d2 36. Qf5+ Kg8 37. Qd7 Nxf3 38. Kxf3 d1=Q+ 0-1

[Event "FIDE World Bl Team Pool B"]
[Site "London ENG"]
[Date "2025.06.14"]
[Round "5.3"]
[White "Tin, Jingyao"]
[Black "Stewart, Ashley"]
[Result "1-0"]
[WhiteTitle "GM"]
[WhiteElo "2583"]
[BlackElo "2093"]
[WhiteTeam "Theme International Trading"]
[BlackTeam "Hammersmith Chess Club"]
[WhiteFideId "5804418"]
[BlackFideId "419001"]
[EventDate "2025.06.14"]
[EventType "team"]

1. d4 Nf6 2. c4 g6 3. Nc3 Bg7 4. e4 d6 5. Nf3 O-O 6. Be2 e5 7. O-O Nc6 8. d5 Ne7
9. b4 a5 10. bxa5 Rxa5 11. a4 b6 12. Nd2 c5 13. Ra3 Ne8 14. Nf3 h6 15. Bd2 Ra8
16. Re1 f5 17. exf5 gxf5 18. Qc1 Kh7 19. g3 Ng6 20. h4 e4 21. h5 exf3 22. hxg6+
Kxg6 23. Bxf3 Nf6 24. Ne2 Kh7 25. Nf4 Re8 26. Rxe8 Qxe8 27. Qc2 Ne4 28. Re3 Qxa4
29. Bxe4 Qa1+ 30. Re1 fxe4 31. Qxe4+ Kg8 32. Rxa1 Rxa1+ 33. Kg2 Be5 34. Ne6 Ra2
35. Qg6+ Kh8 36. Qxh6+ Kg8 37. Qf8+ Kh7 38. Ng5+ Kg6 39. Qf7+ 1-0

[Event "FIDE World Bl Team Pool B"]
[Site "London ENG"]
[Date "2025.06.14"]
[Round "5.4"]
[White "Hanache, Kai"]
[Black "Siddharth, Jagadeesh"]
[Result "0-1"]
[BlackTitle "GM"]
[WhiteElo "2149"]
[BlackElo "2461"]
[WhiteTeam "Hammersmith Chess Club"]
[BlackTeam "Theme International Trading"]
[WhiteFideId "490105"]
[BlackFideId "5818320"]
[EventDate "2025.06.14"]
[EventType "team"]

1. e4 d6 2. d4 Nf6 3. Nc3 e5 4. Nf3 Nbd7 5. Bc4 Be7 6. O-O O-O 7. Re1 c6 8. h3
b5 9. Bb3 Bb7 10. Bg5 h6 11. Bh4 Qc7 12. d5 a6 13. dxc6 Bxc6 14. Qe2 b4 15. Bxf6
Nxf6 16. Nd5 Bxd5 17. exd5 a5 18. a4 Rac8 19. Rad1 Nd7 20. Nd4 Nc5 21. Nc6 Bg5
22. Qb5 Ra8 23. Ba2 Kh8 24. b3 f5 25. Bb1 Ne4 26. Qd3 0-1

[Event "FIDE World Bl Team Pool B"]
[Site "London ENG"]
[Date "2025.06.14"]
[Round "5.5"]
[White "Gong, Qianyun"]
[Black "Ciocan, Maria-Alexandra"]
[Result "1-0"]
[WhiteTitle "WGM"]
[WhiteElo "2228"]
[BlackElo "1998"]
[WhiteTeam "Theme International Trading"]
[BlackTeam "Hammersmith Chess Club"]
[WhiteFideId "8602425"]
[BlackFideId "1227130"]
[EventDate "2025.06.14"]
[EventType "team"]

1. e4 e6 2. d4 d5 3. e5 c5 4. c3 Nc6 5. Nf3 cxd4 6. cxd4 Nge7 7. Nc3 Nf5 8. Be2
Be7 9. O-O O-O 10. Re1 f6 11. Bb5 fxe5 12. Bxc6 bxc6 13. Nxe5 c5 14. Nc6 Qc7 15.
Nxe7+ Nxe7 16. dxc5 Qxc5 17. Be3 Qc7 18. Rc1 Qd8 19. Bd4 Nf5 20. Be5 Qh4 21. Qd2
Bd7 22. Ne2 Rad8 23. Ng3 Nxg3 24. Bxg3 Qf6 25. Rc7 a6 26. h3 Qf5 27. Qd4 Qg6 28.
Kh2 Qf5 29. Re3 Qg6 30. Be5 Rf7 31. Rg3 Qe4 32. Bxg7 Qxd4 33. Bxd4+ Kf8 34. Bc5+
Ke8 35. Rg8+ 1-0

[Event "FIDE World Bl Team Pool B"]
[Site "London ENG"]
[Date "2025.06.14"]
[Round "5.6"]
[White "Aryaman Ganguly"]
[Black "Zhang, Changjie"]
[Result "1-0"]
[WhiteElo "1826"]
[BlackElo "1808"]
[WhiteTeam "Hammersmith Chess Club"]
[BlackTeam "Theme International Trading"]
[WhiteFideId "25981226"]
[BlackFideId "5801877"]
[EventDate "2025.06.14"]
[EventType "team"]

1. e4 e6 2. d4 d5 3. e5 c5 4. c3 Nc6 5. Nf3 Qb6 6. a3 Nh6 7. b4 cxd4 8. cxd4 Nf5
9. Bb2 Bd7 10. Be2 Be7 11. O-O O-O 12. Bd3 Kh8 13. Bxf5 exf5 14. Nc3 Be6 15. Na4
Qa6 16. Qb3 b5 17. Nc5 Bxc5 18. bxc5 Na5 19. Qc2 Nc4 20. Nd2 Qb7 21. Nxc4 bxc4
22. Bc3 Rab8 23. Rfb1 Qe7 24. Rb4 Qg5 25. Rab1 Rxb4 26. Rxb4 f4 27. f3 Bf5 28.
Qb2 Bd3 29. Rb8 Qe7 30. Qb7 Qxb7 31. Rxf8# 1-0

[Event "FIDE World Bl Team Pool B"]
[Site "London ENG"]
[Date "2025.06.14"]
[Round "6.1"]
[White "Anand, Viswanathan"]
[Black "Madan, Augustin"]
[Result "1-0"]
[WhiteTitle "GM"]
[BlackTitle "IM"]
[WhiteElo "2743"]
[BlackElo "2259"]
[WhiteTeam "Freedom"]
[BlackTeam "Desert Penguins"]
[WhiteFideId "5000017"]
[BlackFideId "1210327"]
[EventDate "2025.06.14"]
[EventType "team"]

1. e4 e6 2. d4 d5 3. Nd2 h6 4. Ngf3 Nf6 5. e5 Nfd7 6. c3 c5 7. Bd3 Nc6 8. O-O g5
9. dxc5 Ndxe5 10. Nxe5 Nxe5 11. Bb5+ Bd7 12. Bxd7+ Nxd7 13. b4 Bg7 14. Bb2 O-O
15. Qc2 Qf6 16. Rab1 e5 17. c4 d4 18. Ba3 a6 19. Qe4 Rab8 20. b5 Rfc8 21. Qd5
Nf8 22. Ne4 Qe6 23. Nd6 Rd8 24. c6 bxc6 25. bxc6 Rxb1 26. Rxb1 Qe7 27. Rb7 1-0

[Event "FIDE World Bl Team Pool B"]
[Site "London ENG"]
[Date "2025.06.14"]
[Round "6.2"]
[White "Bansal, Rohan"]
[Black "Sevian, Samuel"]
[Result "0-1"]
[BlackTitle "GM"]
[WhiteElo "2005"]
[BlackElo "2687"]
[WhiteTeam "Desert Penguins"]
[BlackTeam "Freedom"]
[WhiteFideId "425052"]
[BlackFideId "2040506"]
[EventDate "2025.06.14"]
[EventType "team"]

1. d4 Nf6 2. Nf3 b6 3. e3 Bb7 4. b3 e6 5. Bb2 d6 6. Bd3 Nbd7 7. Nbd2 g6 8. O-O
Bg7 9. c4 O-O 10. Re1 e5 11. Qc2 Re8 12. Rad1 e4 13. Be2 exf3 14. Nxf3 Ne4 15.
Bd3 a5 16. Bc1 h5 17. d5 Ndc5 18. Bf1 c6 19. dxc6 Bxc6 20. Nd4 Bd7 21. Nb5 Bxb5
22. cxb5 d5 23. Bc4 Nf6 24. Bb2 Nce4 25. f3 Qc7 26. fxe4 dxc4 27. bxc4 Ng4 28.
g3 Bxb2 29. Qxb2 Rxe4 30. Rd4 Rae8 31. Red1 Rxe3 32. Rd7 Qc5 33. Kh1 Re2 34. Qd4
Rxh2+ 35. Kg1 Qxd4+ 36. R1xd4 Re1# 0-1

[Event "FIDE World Bl Team Pool B"]
[Site "London ENG"]
[Date "2025.06.14"]
[Round "6.3"]
[White "Le, Quang Liem"]
[Black "Bharat Kumar, Balahari"]
[Result "1-0"]
[WhiteTitle "GM"]
[WhiteElo "2729"]
[BlackElo "2052"]
[WhiteTeam "Freedom"]
[BlackTeam "Desert Penguins"]
[WhiteFideId "12401137"]
[BlackFideId "496464"]
[EventDate "2025.06.14"]
[EventType "team"]

1. Nf3 d5 2. e3 Nf6 3. c4 e6 4. Nc3 Be7 5. b3 O-O 6. Bb2 b6 7. Rc1 Bb7 8. cxd5
exd5 9. Ne2 c5 10. Ng3 Re8 11. Be2 Nbd7 12. O-O g6 13. d4 a6 14. Rc2 Nf8 15.
dxc5 Bxc5 16. Qa1 Be7 17. Rd1 Ne6 18. Ne5 Rc8 19. Rxc8 Qxc8 20. Rc1 Qb8 21. Nxg6
hxg6 22. Bxf6 Bxf6 23. Qxf6 Qd6 24. h4 Qe7 25. Qxe7 Rxe7 26. h5 Kg7 27. hxg6
fxg6 28. Bf3 Kf6 29. Ne2 Rc7 30. Rxc7 Nxc7 31. Nd4 a5 32. Kf1 Ba6+ 33. Be2 Bb7
34. f4 Ne6 35. Nxe6 Kxe6 36. Kf2 Kf6 37. a3 Bc6 38. Bf3 Ke6 39. g4 Bb5 40. Be2
Bc6 41. g5 Kf7 42. Ke1 Ke6 43. Bd3 Be8 44. Kd2 Kd6 45. Kc3 Kc5 46. b4+ axb4+ 47.
axb4+ Kd6 48. Kd4 Bf7 49. Bb5 Be6 50. Ba4 Bf7 51. Bb3 Be6 52. e4 Bd7 53. Bxd5
Bb5 54. f5 gxf5 55. exf5 Ke7 56. Ke4 1-0

[Event "FIDE World Bl Team Pool B"]
[Site "London ENG"]
[Date "2025.06.14"]
[Round "6.4"]
[White "Bansal, Saahil"]
[Black "Sarana, Alexey"]
[Result "0-1"]
[BlackTitle "GM"]
[WhiteElo "1979"]
[BlackElo "2686"]
[WhiteTeam "Desert Penguins"]
[BlackTeam "Freedom"]
[WhiteFideId "438316"]
[BlackFideId "24133795"]
[EventDate "2025.06.14"]
[EventType "team"]

1. d4 Nf6 2. c4 e6 3. Nf3 d5 4. Nc3 Nbd7 5. cxd5 exd5 6. Bg5 Bb4 7. e3 c5 8.
dxc5 Qa5 9. Bxf6 Nxf6 10. Qc2 O-O 11. Bd3 Qxc5 12. O-O Bxc3 13. Qxc3 Qxc3 14.
bxc3 Be6 15. Rab1 b6 16. Nd4 Rfc8 17. Rfc1 Rc5 18. Bf5 Bxf5 19. Nxf5 Ne4 20. Kf1
g6 21. Nd4 Nd2+ 22. Ke2 Nxb1 23. Rxb1 Rxc3 24. Rd1 Rac8 25. Nb5 Rc2+ 26. Kf3
Rxa2 27. Rxd5 Rcc2 28. Rd8+ Kg7 29. Rd7 Rxf2+ 30. Ke4 Ra4+ 31. Ke5 Ra5 0-1

[Event "FIDE World Bl Team Pool B"]
[Site "London ENG"]
[Date "2025.06.14"]
[Round "6.5"]
[White "Muzychuk, Anna"]
[Black "Sedykh, Stakhey"]
[Result "1-0"]
[WhiteTitle "GM"]
[WhiteElo "2535"]
[BlackElo "1756"]
[WhiteTeam "Freedom"]
[BlackTeam "Desert Penguins"]
[WhiteFideId "14111330"]
[BlackFideId "453064"]
[EventDate "2025.06.14"]
[EventType "team"]

1. e4 e5 2. Nf3 Nc6 3. Bc4 Bc5 4. d3 Nf6 5. Nc3 d6 6. Na4 Bb6 7. a3 Bg4 8. h3
Bh5 9. c3 O-O 10. g4 Bg6 11. Bg5 h6 12. Bh4 Qe7 13. Qd2 a6 14. Nxb6 cxb6 15. g5
hxg5 16. Bxg5 b5 17. Ba2 a5 18. Rg1 a4 19. Nh4 Na5 20. Nxg6 Qd7 21. Nxf8 Rxf8
22. Bxf6 1-0

[Event "FIDE World Bl Team Pool B"]
[Site "London ENG"]
[Date "2025.06.14"]
[Round "6.6"]
[White "Ding, Yihua"]
[Black "Mani, Sarbartho"]
[Result "0-1"]
[WhiteElo "1536"]
[BlackElo "1847"]
[WhiteTeam "Desert Penguins"]
[BlackTeam "Freedom"]
[WhiteFideId "495999"]
[BlackFideId "366112022"]
[EventDate "2025.06.14"]
[EventType "team"]

1. d4 d5 2. c4 e6 3. Nc3 c5 4. e3 Nf6 5. Nf3 cxd4 6. Nxd4 Be7 7. Be2 O-O 8. O-O
Nc6 9. Nxc6 bxc6 10. Bd2 Bd7 11. Qc2 h6 12. Rfd1 Rb8 13. b3 Qc7 14. h3 Rfd8 15.
Rac1 Rbc8 16. Qb2 Qb8 17. Bf3 Ne8 18. Be2 Bf6 19. Qb1 Nd6 20. cxd5 cxd5 21. Bf3
Nb5 22. Nxb5 Bxb5 23. Re1 Rxc1 24. Rxc1 Rc8 25. Rxc8+ Qxc8 26. Qc1 Qxc1+ 27.
Bxc1 Bd3 28. a3 Kf8 29. Bd1 Ke7 30. Bd2 Kd7 31. f3 Bb2 32. Bb4 Kc6 33. Kf2 h5
34. h4 Kb5 35. Ke1 Bc1 36. Be2 Bxe2 37. Kxe2 a5 38. Bf8 g6 39. Be7 a4 40. bxa4+
Kxa4 41. Bb4 Bxa3 42. Bxa3 Kxa3 43. g3 e5 44. Kd3 Kb3 45. Kd2 Kc4 46. Ke2 Kc3
47. Kf2 d4 48. exd4 exd4 49. Ke2 Kc2 50. Ke1 d3 51. Kf2 d2 0-1

[Event "FIDE World Bl Team Pool B"]
[Site "London ENG"]
[Date "2025.06.14"]
[Round "6.1"]
[White "Ghasi, Ameet K"]
[Black "Martinez Alcantara, Jose Eduardo"]
[Result "1-0"]
[WhiteTitle "GM"]
[BlackTitle "GM"]
[WhiteElo "2513"]
[BlackElo "2611"]
[WhiteTeam "Sharks 4NCL"]
[BlackTeam "Theme International Trading"]
[WhiteFideId "409200"]
[BlackFideId "3805662"]
[EventDate "2025.06.14"]
[EventType "team"]

1. Nf3 c5 2. g3 Nc6 3. Bg2 g6 4. O-O Bg7 5. d3 d6 6. e4 Nf6 7. Nc3 O-O 8. h3 Rb8
9. a4 a6 10. Be3 b5 11. axb5 axb5 12. Qd2 b4 13. Ne2 e5 14. Nh2 Nd4 15. Nxd4
cxd4 16. Bg5 Qc7 17. f4 Nh5 18. Bh4 exf4 19. g4 Nf6 20. Qxf4 Ne8 21. Rf2 h6 22.
Qd2 b3 23. Rc1 bxc2 24. Rxc2 Qa7 25. Nf3 Be6 26. Qc1 Rb3 27. Bf1 Rb5 28. Rc6 h5
29. g5 Qd7 30. Kh2 Qb7 31. Bg3 Rb6 32. Rcc2 Bd7 33. Bg2 Qa6 34. Rcd2 Rb3 35. Qe1
Bb5 36. e5 dxe5 37. Nxe5 Nd6 38. Nxg6 fxg6 39. Qe6+ Nf7 40. Qxb3 Bd7 41. Bd5 Bf5
42. Rde2 Qc8 43. Re7 h4 44. Bf4 Kh8 45. Rxf7 Re8 46. Qb7 Qxb7 47. Rxb7 Re3 48.
Bxe3 dxe3 49. Re2 Be5+ 50. Kg2 1-0